Chromatin Structure and Dynamics: State-of-the-art (Record no. 17045)

000 -LEADER
fixed length control field 00351nam a22001217a 4500
008 - FIXED-LENGTH DATA ELEMENTS--GENERAL INFORMATION
fixed length control field 140320t xxu||||| |||| 00| 0 eng d
020 ## - INTERNATIONAL STANDARD BOOK NUMBER
International Standard Book Number 0-444-51594-1
100 ## - MAIN ENTRY--PERSONAL NAME
Personal name J. Zlatanova and S.H. Leuba
9 (RLIN) 793
240 ## - UNIFORM TITLE
Uniform title New comprehensive biochemistry volume 39
245 ## - TITLE STATEMENT
Title Chromatin Structure and Dynamics: State-of-the-art
300 ## - PHYSICAL DESCRIPTION
Extent 507
942 ## - ADDED ENTRY ELEMENTS (KOHA)
Source of classification or shelving scheme
Koha item type Book
Holdings
Withdrawn status Lost status Source of classification or shelving scheme Damaged status Not for loan Collection code Permanent Location Current Location Date acquired Total Checkouts Full call number Barcode Date last seen Price effective from Koha item type
            Central Library (CL) Central Library (CL) 03/20/2014   572.87 ZLA ASAB1584 03/20/2014 03/20/2014 Book
© 2023 Central Library, National University of Sciences and Technology. All Rights Reserved.